Deaths by Date and Cause Quiz #3 - Statistics

General Stats
  • This quiz has been taken 378 times
  • The average score is 6 of 26
Answer Stats
Year Where How Person % Correct
1991 London AIDS Freddie Mercury
75%
1984 New Dehli Assassination Indira Gandhi
57%
1793 Paris Execution Louis XVI
56%
323 BC Babylon Poisoning, Malaria or Typhoid Fever Alexander the Great
50%
1969 Los Angeles Murdered by Manson Family Sharon Tate
48%
1967 La Higuera Execution Che Guevara
42%
479 BC Lu Natural Causes Confucius
41%
1918 Yekaterinburg Execution Nicholas II
41%
1968 Los Angeles Assassination Robert F. Kennedy
37%
1945 Warm Springs, Georgia Intracerebral hemorrhage Franklin Delano Roosevelt
35%
1946 Nuremberg Suicide by cyanide poisoning Hermann Göring
31%
1828 KwaZulu-Natal Assassination Shaka
21%
1912 near the South Pole Killed by Frost Robert Falcon Scott
20%
1926 Giverny Lung Cancer Claude Monet
8%
2018 Istanbul Assassination Jamal Khashoggi
7%
1954 Wilmslow Suicide by cyanide poisoning Alan Turing
5%
1998 Los Angeles Heart Attack Frank Sinatra
5%
65 Rome Ordered Suicide Seneca
5%
1923 Cairo Infected Mosquito Bite, assumed Curse Lord Carnarvon
3%
1582 Kyoto Seppuku (Ritual Suicide) Oda Nobunaga
3%
1960 near Villeblevin Car Crash Albert Camus
2%
1634 Cheb Assassination ordered by the Holy Roman Emperor Albrecht von Wallenstein
2%
1498 Venice Burned at the Stake Girolamo Savonarola
2%
2015 Bel Air COPD Leonard Nimoy
2%
1902 Muizenberg Heart Failure Cecil Rhodes
1%
1811 Wannsee in Potsdam Murder-Suicide Heinrich von Kleist
0%
No matching quizzes found
Score Distribution
Percent of People with Each Score
Percentile by Number Answered
Your Score History
You have not taken this quiz